Equality in educational law and policy 1954-2010
Saved in:
| Hovedforfatter: | |
|---|---|
| Format: | Bog |
| Sprog: | engelsk |
| Udgivet: |
Cambridge University Press
2013
|
| Tags: |
Tilføj Tag
Ingen Tags, Vær først til at tagge denne postø!
|
MARC
| LEADER | 00000nam a22000007a 4500 | ||
|---|---|---|---|
| 008 | 210621b ||||| |||| 00| 0 eng d | ||
| 020 | |a 9781107460058 | ||
| 100 | |a SUPERFINE, Benjamin Michael | ||
| 245 | |a Equality in educational law and policy 1954-2010 |c Benjamin Michael Superfine |g xi, 265p | ||
| 260 | |b Cambridge University Press |c 2013 |h New York |i 696235 |i 696236 |l KF41255.Su7 |m Educational equalization-Law and legislation-United States -History |m Educational equalization-United States -History |m Discrimination in education-Law and Legislation-United States-History | ||
| 500 | |a it includes references and index | ||
| 942 | |a lcc |c BK |e JOHNSON |f 21/06/21 | ||
| 952 | |0 0 |1 0 |2 lcc |4 0 |7 0 |9 2653 |a ED |b HOL |c GJ |d 2021-06-21 |o KF41255.Su7 |p 2021-6500 |r 2021-06-21 00:00:00 |w 2021-06-21 |y BK | ||
| 952 | |0 0 |1 0 |2 lcc |4 0 |7 0 |9 2654 |a HOL |b HOL |c GJ |d 2021-06-21 |o KF41255.Su7 |p 2021-6501 |r 2021-06-21 00:00:00 |w 2021-06-21 |y BK | ||
| 999 | |c 1385 |d 1385 | ||